| 000 | 00595cam a22002291 4500 | ||
|---|---|---|---|
| 001 | sa 67001320 | ||
| 003 | DLC | ||
| 005 | 20260227112321.0 | ||
| 008 | 890630s1966 ii 000 0 hino | ||
| 010 | _asa 67001320 | ||
| 035 | _a(OCoLC)19955868 | ||
| 040 |
_aDLC _cWaU _dNRU _dDLC |
||
| 042 | _apremarc | ||
| 050 | 0 | 0 |
_aPK1931 _b.S6 |
| 100 | 1 |
_aSnatak, Vijayendra, _d1914- |
|
| 245 | 1 | 0 | _aCintana ke kshaṇa. |
| 250 | _a[1. Saṃskaraṇa] | ||
| 260 |
_aDillī, _bNeśanala Pabliśinga Hāūsa _c[1966] |
||
| 300 |
_a163 p. _c23 cm. |
||
| 500 | _aIn Hindi. | ||
| 650 | 0 | _aHindi philology. | |
| 999 |
_c72538 _d72538 |
||